| 000 | 00000nam##2200000za#4500 |
| 001 | 9.661920 |
| 003 | CaOODSP |
| 005 | 20250319165111 |
| 007 | ta |
| 008 | 150407|2000||||xxc||||| f|0| 0 fre|d |
| 020 | |a0-662-65027-1 |
| 040 | |aCaOODSP|bfre |
| 041 | |aeng |
| 041 | |afre |
| 043 | |an-cn--- |
| 086 | 1 |aSW21-51/2000 |
| 110 | 1 |aCanada.|bCondition féminine Canada. |bRecherche en matière de politiques. |
| 245 | 10|aRéduire la pauvreté parmi les femmes âgées : |ble potentiel des politiques en matière de revenu de retraite / |cpar Monica Townson. |
| 260 | |aOttawa - Ontario : |bCondition féminine Canada. |c2000. |
| 300 | |aTexte français, viii, 107p. : |btableaux ; |c28 cm. |
| 500 | |aDonnées de catalogage avant publication (Canada) imprimées dans cette publication. |
| 504 | |aBibliographie. |
| 563 | |aCouverture souple |
| 590 | |a00-36|b2000-09-08 |
| 691 | 07|aAîné|2gcpds |
| 691 | 07|aPauvreté|2gcpds |
| 691 | 07|aPension|2gcpds |
| 691 | 07|aPolitique sociale|2gcpds |
| 691 | 07|aFemme|2gcpds |
| 720 | 1 |aTownson, Monica |
| 776 | 0#|tRéduire la pauvreté parmi les femmes âgées : |w(CaOODSP)9.632919 |
| 776 | 0#|tReducing poverty among older women : |w(CaOODSP)9.688494 |
| 791 | |tReducing poverty among older women : |eeng|w(CaOODSP)9.661919 |